Southville International School and Colleges
Your cart is empty.
  • Cart
  • Lists
    Public lists Eva Luna New books Lux_list list_1
    Your lists Log in to create your own lists
  • Log in to your account
  • Your cookies
  • Search history
Southville International School and Colleges
  • Advanced search
  • Recent comments
  • Most popular
  • Libraries

Log in to your account

Log in with GOOGLE


If you do not have an external account, but do have a local account, you can still log in:

  1. Home
  2. MARC view: Vegetables rot in Benguet due to oversupply/
Normal view MARC view ISBD view

Vegetables rot in Benguet due to oversupply/ (Record no. 361614)

[ view plain ]
MARC details
000 -LEADER
fixed length control field 00519nam a2200181Ia 4500
008 - FIXED-LENGTH DATA ELEMENTS--GENERAL INFORMATION
fixed length control field 190425s9999 xx 000 0 und d
100 ## - MAIN ENTRY--PERSONAL NAME
Personal name Dumlao, Artemio
245 ## - TITLE STATEMENT
Title Vegetables rot in Benguet due to oversupply/
245 ## - TITLE STATEMENT
Statement of responsibility, etc Artemio Dumlao, Luoise Maureen Simeon
260 ## - PUBLICATION, DISTRIBUTION, ETC. (IMPRINT)
Name of publisher, distributor, etc The Philippine Star
260 ## - PUBLICATION, DISTRIBUTION, ETC. (IMPRINT)
Date of publication, distribution, etc 2019
300 ## - PHYSICAL DESCRIPTION
Extent Page 13, January 11
440 ## - SERIES STATEMENT/ADDED ENTRY--TITLE
Title The Philippine Star
Volume number/sequential designation 33: 168
650 ## - SUBJECT ADDED ENTRY--TOPICAL TERM
Topical term or geographic name as entry element agriculture
650 ## - SUBJECT ADDED ENTRY--TOPICAL TERM
Topical term or geographic name as entry element La Trinidad -- Benguet
650 ## - SUBJECT ADDED ENTRY--TOPICAL TERM
Topical term or geographic name as entry element oversupply
650 ## - SUBJECT ADDED ENTRY--TOPICAL TERM
Topical term or geographic name as entry element vegetable rot
Holdings
Withdrawn status Lost status Damaged status Home library Current library Date acquired Total Checkouts Date last seen Price effective from Koha item type
          04/25/2019   04/25/2019 04/25/2019 Periodicals

Vegetables rot in Benguet due to oversupply/

APA

Dumlao A., .Vegetables rot in Benguet due to oversupply. : The Philippine Star.

Chicago

Dumlao Artemio, .Vegetables rot in Benguet due to oversupply. : The Philippine Star.

Harvard

Dumlao A., .Vegetables rot in Benguet due to oversupply. : The Philippine Star.

MLA

Dumlao Artemio, .: The Philippine Star. .

  • Place hold
  • Print
  • Cite
  • Add to your cart (remove)
  • Save record
    BIBTEX Dublin Core MARCXML MARC (non-Unicode/MARC-8) MARC (Unicode/UTF-8) MARC (Unicode/UTF-8, Standard) MODS (XML) RIS
  • More searches
    Search for this title in:
    Other Libraries (WorldCat) Other Databases (Google Scholar) Online Stores (Bookfinder.com) Open Library (openlibrary.org)

Exporting to Dublin Core...

SOUTHVILLE LIBRARY

Southville International School and Colleges Library

1281 Tropical Ave. Cor. Luxembourg St., BF Homes International, Las Pinas City

Tel. No. 8256374 / 252358 Loc. 117/146

Powered by Koha